| 000 | 00324nam a2200121Ia 4500 | ||
|---|---|---|---|
| 008 | 240731s9999 xx 000 0 und d | ||
| 022 | _a1473-348X | ||
| 245 | 0 | _aAl-MasÄq : Journal of the Medieval Mediterranean | |
| 260 | _bRoutledge | ||
| 856 | _uhttps://www.tandfonline.com/loi/calm20 | ||
| 942 | _2ddc | ||
| 942 | _cTFEJ | ||
| 999 |
_c75230 _d75230 |
||
| 945 |
_a1 _bMadushi Gamage _c1 _dMadushi Gamage |
||